Statistics for Former Nordic flags

Click here to take the quiz!

General Stats

  • This quiz has been taken 24 times
  • The average score is 10 of 16

Answer Stats

Answer% Correct
Austria-Hungary
100%
Soviet Union
96%
Prussia
91%
Yugoslavia
87%
Texas
83%
East Germany
78%
Rome
78%
Ottoman Empire
57%
Zaire
57%
Confederate States of America
39%
Polish Lithuanian Commonwealth
39%
Scotland
39%
Tibet
35%
Kalmar Union
30%
South Yemen
30%
Bavaria
22%

Score Distribution

Percentile by Number Answered

Percent of People with Each Score

Your Score History

You have not taken this quiz